| 000 | 00398nam a2200169Ia 4500 | ||
|---|---|---|---|
| 003 | OSt | ||
| 005 | 20240203122846.0 | ||
| 008 | 170619s9999 xx 000 0 und d | ||
| 020 | _a9780070583887 | ||
| 040 | _cIIMT ENGINEERING COLLEGE | ||
| 100 | _aReddy- D. C. | ||
| 245 | 0 | _aBiomedical signal processing | |
| 260 | _bNew Delhi: TMH | ||
| 260 | _c2005 | ||
| 546 | _aENGLISH | ||
| 942 |
_2ddc _c02 |
||
| 999 |
_c18181 _d18181 |
||